Les featurings de Dinos - Mort subite - Statistiques

Statistiques générales
  • Ce quiz a été pris 129 fois
  • Le résultat moyen est 6 sur 10
Answers on the Grid
Answers color-coded by a green-red scale on the quiz's grid according to % correct below.
Josman
Marie Plassard
Damso
La Mano 1.9
Hamza
Luv Resval
Tiakola
SCH
Nekfeu
Werenoi
SDM
Jok'air
Zola
Niro
Gazo
OBOY
 
Statistiques - réponses
Réponse % Correct
Hamza
67%
Damso
65%
Nekfeu
65%
Tiakola
64%
Josman
59%
Marie Plassard
59%
SCH
47%
Luv Resval
46%
La Mano 1.9
44%
Werenoi
33%
Aucun quiz correspondant
Distribution des résultats
% des personnes avec chaque résultat
Percentile par nombre de réponses
Votre historique - résultats
Vous n’avez pas pris ce quiz